|
|
|
|
| LEADER |
01429nem a2200361 a 4500 |
| 001 |
mzk03001178382 |
| 003 |
CZ BrMZK |
| 005 |
20130712123814.0 |
| 007 |
aj||anzn |
| 008 |
076677q18631900xr d||||||a|||||0|||cze|d |
| 034 |
1 |
|
|a a
|b 500000
|d E0620636
|e E0742037
|f N0371327
|g N0275700
|
| 040 |
|
|
|a BOE801
|b cze
|
| 043 |
|
|
|a a-af---
|
| 072 |
|
7 |
|a 912
|x Mapy. Atlasy. Glóby
|2 Konspekt
|9 7
|
| 080 |
|
|
|a (581)
|2 MRF
|
| 080 |
|
|
|a (084.3)
|2 MRF
|
| 100 |
1 |
|
|a Petermann, August,
|d 1822-1878
|7 ola2004254060
|4 aut
|
| 245 |
1 |
0 |
|a Mapa Afganistanu a zemi pohraničních
|h [kartografický dokument] :
|b příloha k "Moravské Orlici" /
|c dle mapy Iranu a Turanu od A. Petermanna
|
| 255 |
|
|
|a Měřítko [1:500 000]. 3,7 cm = 200 Kilom.
|c (062°06´36" v.d.--074°20´37" v.d./037°13´27" s.š.--027°57´00" s.š.)
|
| 260 |
|
|
|a [Praha] :
|b nákladem vlastním,
|c [mezi 1863 a 1900]
|f (M. Husník)
|
| 300 |
|
|
|a 1 mapa :
|b fotozinkografie ;
|c 22,5 x 25 cm, na listu 29 x 30 cm, složena na 29 x 15 cm
|
| 561 |
|
|
|a Provenience: (stará signatura) 59/1.
|
| 655 |
|
7 |
|a mapy
|7 fd132800
|2 czenas
|
| 651 |
|
7 |
|a Afghánistán
|7 ge134003
|2 czenas
|
| 700 |
1 |
|
|a Husník, M.
|4 aut
|
| 910 |
|
|
|e BOE950
|c R - I,b (I.I.a)
|
| 978 |
|
|
|b Husník, M.
|a Praha
|c 1851-1900
|
| 984 |
|
|
|a Praha
|b Česko
|
| 985 |
|
|
|a 1851-1900
|
| 990 |
|
|
|a MP
|
| 996 |
|
|
|e BOE950
|c R - I,b (I.I.a)
|
| 991 |
|
|
|k rajhrad
|
| 980 |
|
|
|c 290219
|g R - I,b (I.I.a)
|d 20070607
|t 5
|1 328100290219
|n J
|z KR
|